| 000 | 00494nam a2200121Ia 4500 | ||
|---|---|---|---|
| 008 | 171212s9999 xx 000 0 und d | ||
| 100 | _aHertzog, Mark | ||
| 245 |
_cHertzog, Mark _aThe Lavender Vote _bLesbians, Gay Men, and Bisexuals in American Electoral Politics |
||
| 260 |
_bNew York University Press _c1996 |
||
| 650 | _aGays -- United States -- Political activity; Bisexuals -- United States -- Political activity | ||
| 650 | _aSociology | ||
| 856 | _uhttp://www.jstor.org/stable/j.ctt9qg2xq | ||
| 999 |
_c351562 _d351562 |
||